• 首页
  • 本馆介绍
  • 公告通知
  • 最新文献
  • 馆藏检索
  • 电子资源
  • 读者导购
  • 参考咨询
  • 我的图书馆
  • 登录
  • 详细信息显示
  • 放入我的书架
  • 预约/预借图书
  • 作者相关作品
  • 分类相关作品
  • 丛书相关作品
  • 出版社相关作品

书目信息

  • 表格格式
  • 工作单格式
  • 卡片格式
题名:
西学东渐与中国近代教育变迁
    
 
作者: 孙邦华 著
分册:  
出版信息: 北京   中国社会科学出版社  2012.11
页数: 422页
开本: 21cm
丛书名: 教育与社会、文化变迁丛书
单 册:
中图分类: G529.5 , G129
科图分类:
主题词: 教育史--研究--中国--近代 , 东西文化--文化交流--研究--中国
电子资源:
ISBN: 978-7-5161-1514-5
000 01398oam2 2200301 45
001 1359727577
005 20130529084520.35
010    @a978-7-5161-1514-5@dCNY45.00
100    @a20130513d2012 em y0chiy0121 ea
101 0  @achi
102    @aCN@b110000
105    @ak a 000yy
106    @ar
200 1  @a西学东渐与中国近代教育变迁@AXi Xue Dong Jian Yu Zhong Guo Jin Dai Jiao Yu Bian Qian@f孙邦华著@FSun Bang Hua Zhu
210    @a北京@c中国社会科学出版社@d2012.11
215    @a422页@d21cm
225 2  @a教育与社会、文化变迁丛书@h第一辑
300    @a北京师范大学985工程“世界一流教育学科与中国教育”创新基地经费资助 全国教育科学“十一五”规划教育部重点课题“中西文化冲突下的北京辅仁大学研究”阶段性成果
320    @a有书目
330    @a本书从教育与社会、文化变迁相互关系的视角开展教育史研究, 有助于更为广泛和深入地借鉴相关学科的研究成果和方法, 扩展教育史研究的视野, 探寻新的研究问题和研究方法, 丰富教育史研究。从宏观着眼, 从微观入手, 通过多角度、多层次探索社会、文化的变迁对不同时期和教育的影响, 研究教育在社会、文化变迁过程中的作用, 这有利于消除宏观研究与微观研究之间的界限。
461  0 @12001 @a教育与社会、文化变迁丛书@h第一辑
606 0  @a教育史@x研究@y中国@z近代
606 0  @a东西文化@x文化交流@x研究@y中国
690    @aG529.5@v5
690    @aG129@v5
701  0 @a孙邦华@ASun Bang Hua@f1964-@4著
801    @aCN@bTANGWEI@c20130522
905    @b0833632-35@dG529.5@e160@f4
    
    西学东渐与中国近代教育变迁/孙邦华著.-北京:中国社会科学出版社,2012.11
    422页;21cm.-(教育与社会、文化变迁丛书.第一辑)
    北京师范大学985工程“世界一流教育学科与中国教育”创新基地经费资助 全国教育科学“十一五”规划教育部重点课题“中西文化冲突下的北京辅仁大学研究”阶段性成果
    
    ISBN 978-7-5161-1514-5:CNY45.00
    本书从教育与社会、文化变迁相互关系的视角开展教育史研究, 有助于更为广泛和深入地借鉴相关学科的研究成果和方法, 扩展教育史研究的视野, 探寻新的研究问题和研究方法, 丰富教育史研究。从宏观着眼, 从微观入手, 通过多角度、多层次探索社会、文化的变迁对不同时期和教育的影响, 研究教育在社会、文化变迁过程中的作用, 这有利于消除宏观研究与微观研究之间的界限。
●
相关链接 在E读中查询图书 在五车中查询图书 在当当中查询图书 在豆瓣中查询图书


正题名:西学东渐与中国近代教育变迁     索取号:G529.5/160         预约/预借

序号 登录号 条形码 馆藏地/架位号 状态 备注
1 0833632   208336326   第一样本阅览室/ [索取号:G529.5/160] 在馆    
2 0833633   208336335   第四借阅区/ [索取号:G529.5/160] 在馆    
3 0833634   208336344   教育系资料室/ [索取号:G529.5/160] 在馆    
4 0833635   208336353   教育系资料室/ [索取号:G529.5/160] 在馆    
唐山师范学院图书馆 欢迎您!
大连网信软件有限公司© 版权所有